000
00263nam a22001217a 4500
003
SGT
082
_a
616.89
_b
E02S
100
_a
STAHL, STEPHEN M.
245
_a
ESSENTIAL PSYCHOPHARMACOLOGY
260
_a
UK
_b
COMBRIDGE
_c
2002
300
_a
142
942
_2
ddc
_c
BK
999
_c
14868
_d
14868